| 000 | 00425nmm a2200145Ia 4500 | ||
|---|---|---|---|
| 008 | 251105s9999||||xx |||||||||||||||||und|| | ||
| 041 | _aspa | ||
| 100 | _aHerrero Montoto, Manuel | ||
| 245 | 0 | _aOmara en el París de las maravillas | |
| 264 |
_a[Madrid, España] : _bSeptem Ediciones, _c2015 |
||
| 300 | _a290 páginas | ||
| 650 | _aErotic novel | ||
| 856 | _uhttps://public.digitaliapublishing.com/a/33909 | ||
| 942 | _cCF | ||
| 999 |
_c105768 _d105768 |
||